000 00791nam a2200229 i 4500
001 95482
003 ES-MaACL
005 20250728105938.0
007 t|
008 050530s1969 sp |||| | spa d
080 _a348.1/.6(043)
100 1 _aLlamazares Fernández, Dionisio.
_972678
245 1 0 _aSacramento-Iglesia-Derecho en el pensamiento de R. Sohm /
_cDionisio Llamazares Fernández ; prólogo, Alfonso Prieto Prieto.
260 _aOviedo :
_bInstituto de Estudios Jurídicos,
_c1969.
300 _aXX, 351 p. ;
_c21 cm.
600 1 4 _aSohm, Rudolf.
_9132794
650 7 _aReligión y derecho
_2embne
_9162231
700 1 _aPrieto Prieto, Alfonso.
_993941
710 2 _aInstituto de Estudios Jurídicos (Oviedo)
_94914
852 _aES-MaACL
_jC-48428
999 _c95482
_d95482